000 00358nam a2200133Ia 4500
008 240624s9999 xx 000 0 und d
041 _aeng
082 _a658.4012 HRE
100 _aHREBINIAK LAWRENCE G
245 _aMAKING STRATEGY WORK LEADING EFFECTIVE E
260 _c2005
_aNew Delhi
_bPearson Power
300 _axxi, : 384 : p. : cm. ; 24
365 _cRS
999 _c3113
_d3113